| 000 | 00594nam a22002177a 4500 | ||
|---|---|---|---|
| 003 | OSt | ||
| 005 | 20140310183044.0 | ||
| 008 | 130226t xxu||||| |||| 00| 0 eng d | ||
| 020 | _a 9710869493 | ||
| 050 |
_aQA551 _b.C729 2009 |
||
| 082 |
_aFIL 516.3 _bC734 2009 |
||
| 245 |
_aAnalytic geometry with solid mensuration _cComandante Jr., Felipe L. |
||
| 260 |
_aMandaluyong City _b National Book Store _c2009 |
||
| 300 |
_a402p. _c25cm . |
||
| 521 | _aCollege Students | ||
| 526 | _c1210L-1700L | ||
| 541 | _j1 | ||
| 541 | _j2 | ||
| 562 | _e2 | ||
| 942 |
_2lcc _cBK _kFIL |
||
| 999 |
_c18566 _d18566 |
||